| 000 | 00766nam a2200217 i 4500 | ||
|---|---|---|---|
| 001 | 69353 | ||
| 003 | ES-MaACL | ||
| 005 | 20230906170512.0 | ||
| 007 | t| | ||
| 008 | 040705s1968 sp f |||| | spa d | ||
| 080 | _a94(460.181).013 | ||
| 080 | _a904(460.181):7.032(37)'02/04 | ||
| 100 | 1 |
_aGarcía y Bellido, Antonio. _955426 |
|
| 245 | 1 | 0 |
_aNueve estudios sobre la Legio VII Gemina y su campamento en León / _cpor Antonio García-Bellido. |
| 260 |
_aLeón : _bDiputación Provincial de León, _c1968. |
||
| 300 |
_a63 p., 42 lám. ; _c27 cm. |
||
| 651 | 4 |
_aLeón- _xHistoria- _yHasta S. V. _9140497 |
|
| 651 | 4 |
_aLeón (Provincia)- _xRestos arqueológicos. _9162260 |
|
| 710 | 2 |
_aLeón (Provincia). _bDiputación Provincial. _95494 |
|
| 852 |
_aES-MaACL _jC-56947 |
||
| 999 |
_c69353 _d69353 |
||